| 000 -CABECERA |
| fixed length control field |
02625nam a22004697a 4500 |
| 003 - IDENTIFICADOR DEL NÚMERO DE CONTROL |
| control field |
AR-CdUCM |
| 008 - DATOS DE LONGITUD FIJA--INFORMACIÓN GENERAL |
| fixed length control field |
190515b ||||| |||| 00| 0 spa d |
| 040 ## - FUENTE DE LA CATALOGACIÓN |
| Agencia/entidad que catalogó originalmente la obra |
MUNICIPALIDAD PROVINCIAL DEL CUSCO |
| Entidad que transcribió la catalogación |
BIBLIOTECA MUNICIPAL DEL CUSCO |
| 082 ## - NÚMERO DE LA CLASIFICACIÓN DECIMAL DEWEY |
| No. de Clasificación |
Visióncultu/N°1/1995 |
| 110 ## - ENTRADA PRINCIPAL--NOMBRE DE ENTIDAD CORPORATIVA |
| Nombre de la institución, jurisdicción como entrada principal |
Instituto Nacional de Cultura Cusco |
| 9 (RLIN) |
9277 |
| 245 ## - MENCIÓN DE TÍTULO |
| Título |
Visión Cultural / |
| Mención de responsabilidad |
Instituto Nacional de Cultura Departamental Cusco |
| 260 ## - PUBLICACIÓN, DISTRIBUCIÓN, ETC. |
| Lugar de publicación, distribución, etc. |
Cusco : |
| Nombre de la editorial, distribuidor, etc. |
Instituto Nacional de Cultura Cusco, |
| Fecha de publicación, distribución, etc. |
1995. |
| 300 ## - DESCRIPCIÓN FÍSICA |
| Nº de Páginas Extensión |
40 páginas. : |
| Otros detalles físicos |
ilustraciones ; |
| Dimensiones |
30 cm. |
| 440 ## - MENCIÓN DE SERIE/PUNTO DE ACCESO ADICIONAL--TÍTULO |
| Título |
Visión Cultural. |
| Número de la parte/sección de una obra |
Año II, N°1, enero 1995. |
| 9 (RLIN) |
47260 |
| 505 ## - NOTA DE CONTENIDO CON FORMATO |
| Nota de contenido formateada |
Contenido: Orquídeas de Machupicchu. -- Origen Depredación y Defensa del Patrimonio Arqueológico del Cusco. -- La Cultura Popular Tradicional de la Bebida "La Tetaría Cusqueña". -- Instituto Nacional de Cultura; Breve Reseña Histórica. -- Restauración del Templo de santo Tomas. -- Nuestra Llama. -- Investigación Arqueológica en Bandoja. --Suplemento "Investigación Cultural" Arqueología Sepulcral Macha Cancha. -- Sobre la Conservación del Patrimonio Cultural. -- Centro Interamericano Sub Regional de Restauración de Bienes Culturales Muebles. -- El "Danzaq" en el pensamiento de las comunidades hidráulicas de Ayacucho. -- Reflexione para un pueblo con facciones de eternidad. -- Museos y Sociedad en la Capital Histórica del Perú. -- Runa Simiman Harawi. --Introducción a la Arqueología de K'anamarca. -- Declaración de México sobre políticas culturales. |
| 650 ## - PUNTO DE ACCESO ADICIONAL DE MATERIA--TÉRMINO DE MATERIA |
| Descriptor |
Patrimonio cultural |
| 9 (RLIN) |
3805 |
| 650 ## - PUNTO DE ACCESO ADICIONAL DE MATERIA--TÉRMINO DE MATERIA |
| Descriptor |
Investigación Cultural |
| 9 (RLIN) |
47261 |
| 650 ## - PUNTO DE ACCESO ADICIONAL DE MATERIA--TÉRMINO DE MATERIA |
| Descriptor |
Arqueología cusqueña |
| 9 (RLIN) |
9322 |
| 650 ## - PUNTO DE ACCESO ADICIONAL DE MATERIA--TÉRMINO DE MATERIA |
| Descriptor |
Cusco |
| 9 (RLIN) |
772 |
| 700 ## - PUNTO DE ACCESO ADICIONAL--NOMBRE DE PERSONA |
| Nombre Personal |
Aguirre S., Ciprian |
| 9 (RLIN) |
47262 |
| 700 ## - PUNTO DE ACCESO ADICIONAL--NOMBRE DE PERSONA |
| Nombre Personal |
Maza H., Julio |
| 9 (RLIN) |
47263 |
| 700 ## - PUNTO DE ACCESO ADICIONAL--NOMBRE DE PERSONA |
| Nombre Personal |
Gibaja Oviedo, Arminda |
| 9 (RLIN) |
29271 |
| 700 ## - PUNTO DE ACCESO ADICIONAL--NOMBRE DE PERSONA |
| Nombre Personal |
Montes Quintanilla, Teófilo |
| 9 (RLIN) |
47264 |
| 700 ## - PUNTO DE ACCESO ADICIONAL--NOMBRE DE PERSONA |
| Nombre Personal |
Caipani Gutiérrez, Atilio |
| 9 (RLIN) |
47265 |
| 700 ## - PUNTO DE ACCESO ADICIONAL--NOMBRE DE PERSONA |
| Nombre Personal |
Boza Murillo, Beatriz |
| 9 (RLIN) |
47266 |
| 700 ## - PUNTO DE ACCESO ADICIONAL--NOMBRE DE PERSONA |
| Nombre Personal |
Enríquez Pelaez, Alcides |
| 9 (RLIN) |
47267 |
| 700 ## - PUNTO DE ACCESO ADICIONAL--NOMBRE DE PERSONA |
| Nombre Personal |
Letona Muñoz, Federico |
| 9 (RLIN) |
47258 |
| 700 ## - PUNTO DE ACCESO ADICIONAL--NOMBRE DE PERSONA |
| Nombre Personal |
letona Muñoz, Federico |
| 9 (RLIN) |
47258 |
| 700 ## - PUNTO DE ACCESO ADICIONAL--NOMBRE DE PERSONA |
| Nombre Personal |
Bonett Medina, Percy |
| 9 (RLIN) |
47268 |
| 700 ## - PUNTO DE ACCESO ADICIONAL--NOMBRE DE PERSONA |
| Nombre Personal |
Camacho Merma, Washington |
| 9 (RLIN) |
47269 |
| 700 ## - PUNTO DE ACCESO ADICIONAL--NOMBRE DE PERSONA |
| Nombre Personal |
San Román Luna, Wilbert |
| 9 (RLIN) |
47270 |
| 700 ## - PUNTO DE ACCESO ADICIONAL--NOMBRE DE PERSONA |
| Nombre Personal |
Gálvez B., Ana María |
| 9 (RLIN) |
47271 |
| 700 ## - PUNTO DE ACCESO ADICIONAL--NOMBRE DE PERSONA |
| Nombre Personal |
Chara Zereceda, Luis Oscar |
| 9 (RLIN) |
47272 |
| 700 ## - PUNTO DE ACCESO ADICIONAL--NOMBRE DE PERSONA |
| Nombre Personal |
Espinoza Martínez, Héctor |
| 9 (RLIN) |
47132 |
| 700 ## - PUNTO DE ACCESO ADICIONAL--NOMBRE DE PERSONA |
| Nombre Personal |
Avendaño Soto, Ninoska |
| 9 (RLIN) |
47273 |
| 700 ## - PUNTO DE ACCESO ADICIONAL--NOMBRE DE PERSONA |
| Nombre Personal |
Contreras C., Nora |
| 9 (RLIN) |
47274 |
| 700 ## - PUNTO DE ACCESO ADICIONAL--NOMBRE DE PERSONA |
| Nombre Personal |
Barrera Ascarza, Jesús |
| 9 (RLIN) |
47275 |
| 700 ## - PUNTO DE ACCESO ADICIONAL--NOMBRE DE PERSONA |
| Nombre Personal |
Quirita H., Rosa |
| 9 (RLIN) |
47276 |
| 700 ## - PUNTO DE ACCESO ADICIONAL--NOMBRE DE PERSONA |
| Nombre Personal |
Fernandez Carrasco, Octavio |
| 9 (RLIN) |
47277 |
| 942 ## - ELEMENTOS DE PUNTO DE ACCESO ADICIONAL (KOHA) |
| Fuente de clasificación |
|
| Tipo de item |
Revistas cusqueñas |
| 945 ## - PROCESAMIENTO DE INFORMACIÓN LOCAL (OCLC) |
| Catalogador |
smm |